Países com Tigres na Natureza - Statistics

Estatísticas Gerais
  • Esse quiz foi jogado 2 964 vezes
  • A pontuação média é 9 de 13
Estatísticas das Respostas
População País % Correto
55 China
95%
2,603–3,346 Índia
94%
189 Tailândia
75%
371 Indonésia
73%
433 Rússia
73%
200-274 Nepal
72%
< 5 Vietnã
69%
300-500 Bangladesh
66%
14 Laos
66%
89-124 Butão
63%
80-120 Malásia
62%
22 Myanmar
59%
Possível Coreia do Norte
43%
Nenhum quiz correspondente encontrado
Distribuição das Pontuações
Porcentagem de Pessoas com Cada Pontuação
Percentil de Números Respondidos
Sua Pontuação Histórica
Você não jogou esse quiz